La carta a los filipenses

Zapisane w:
Opis bibliograficzny
1. autor: Légasse, Simon (autor)
Format: Książka
Język:hiszpański
Wydane: Pamplona Verbo Divino 1981
Seria:Cuadernos Bíblicos, 33
Hasła przedmiotowe:
Etykiety: Dodaj etykietę
Nie ma etykietki, Dołącz pierwszą etykiete!

MARC

LEADER 00000nam a2200000 a 4500
001 UCL7853
003 CL-VaPUC
008 040604e19810000SP |||||||||||||||||spa|d
020 |a 847151284X 
082 0 4 |a 227.6  |b LEG  |2 21 
100 |a Légasse, Simon  |e autor  |9 600731 
245 1 3 |a La carta a los filipenses 
246 1 3 |a La carta a Filemón 
300 |a 62 p 
942 |c BK 
945 |d 20040604 00:00:00  |a cmena 
260 |a Pamplona  |b Verbo Divino  |c 1981 
650 0 |a Textos sagrados   |9 257605 
650 0 |a Epístolas  |9 321181 
650 0 |a Biblia  |9 257603 
583 |a last modification  |c 20130402 08:39:11  |k Rodrigo Vera 
490 0 |a Cuadernos Bíblicos, 33 
999 |c 309410  |d 309408 
952 |0 0  |1 0  |4 0  |6 227_600000000000000_LEG_1981  |7 0  |8 A  |9 376847  |a BIBTEO  |b BIBTEO  |d 2019-11-21  |i 2116960  |o 227.6 LEG 1981  |p 2116960  |r 2025-01-17  |w 2019-11-21  |y BK  |k ICR